000 00424nam a2200169Ia 4500
008 230524s9999 xx 000 0 und d
020 _a9788131806135
082 _bRAT
100 _aRathore Mahesh M
245 0 _aEngineering Heat and Mass Transfer
250 _a2
260 _aNew Delhi
_bUniversity Science Press
_c2013
300 _a1152; p.
500 _aQuantity Number: 5
650 _aMechanics
942 _cBK
999 _c52724
_d52724